Electric wiring, theory and practice, for practical wiremen, engineers and students.

Bibliographic Details
Main Author: Ibbetson, W. S., 1878-
Format: Book
Language:English
Published: London : E. & F.N. Spon, 1954.
Edition:9th ed. [rev.]
Subjects:

MARC

Tag First Indicator Second Indicator Subfields
LEADER 00000cam a2200000 4500
001 in00000095775
005 20150925085647.0
008 800401s1954 enkaf 00000 eng c
010 |a a 56002724  
035 |a (OCoLC)06154288 
035 |9 AAL1994AM 
040 |a Michigan. Univ. Libr.  |c TXA  |d UtOrBLW 
049 |a TXAM  |c 1 [261491]  |c 2 [406869] 
090 |a TK3201  |b .I25 
100 1 |a Ibbetson, W. S.,  |d 1878- 
245 1 0 |a Electric wiring, theory and practice, for practical wiremen, engineers and students. 
250 |a 9th ed. [rev.]  |b General editor: C. R. Urwin; editors: W. F. Parker [and] F. G. Thompson. 
264 1 |a London :  |b E. & F.N. Spon,  |c 1954. 
300 |a viii, 296 pages :  |b plates, diagrams ;  |c 19 cm. 
336 |a text  |b txt  |2 rdacontent 
337 |a unmediated  |b n  |2 rdamedia 
338 |a volume  |b nc  |2 rdacarrier 
500 |a Originally published under title: The theory and practice of electric wiring. 
500 |a Errata slip inserted. 
650 0 |a Electric wiring. 
999 |a MARS 
999 f f |s 7384bb0f-a9dd-39e6-a890-b0bc061b688a  |i 9b992d96-c402-324f-b32d-5e9cf6a1fbc9  |t 0 
952 f f |p ric  |a Texas A&M University  |b Rellis Campus  |c Joint Library Facility  |d Remote Storage  |t 0  |e TK3201 .I25  |h Library of Congress classification  |i unmediated -- volume  |m A14805473467 
998 f f |a TK3201 .I25  |t 0  |l Remote Storage